000 004700000a22001930004500
003 LK-CoMWRAF
005 20231019142216.0
008 230817t ||||| |||| 00| 0 eng d
020 _a0099766019
040 _aLK-CoMWRAF
_dLK-CoMWRAF
_eLK-CoMWRAF
041 _aeng
082 _a823
_bRUS
100 _aRushdie, Salman
245 _aThe Ground beneath her feet
260 _aLondon :
_bVintage,
_c2000
300 _a575p
650 _aEnglish Fiction
942 _cBK
999 _c2194
_d2194